[Event "Kurz-Open"]
[Site "Buchen"]
[Date "2017.09.10"]
[Round "5.6"]
[White "Hermann, Tobias"]
[Black "Schallner, Marc"]
[Result "1/2-1/2"]
[WhiteElo "1933"]
[BlackElo "1938"]
[PlyCount "25"]
[EventDate "2017.??.??"]

1. e4 e5 2. Nf3 Nc6 3. Bc4 Nf6 4. Nc3 Bc5 5. d3 h6 6. O-O d6 7. h3 O-O 8. Na4
Bb6 9. Nxb6 axb6 10. Be3 Na5 11. Bb3 Nxb3 12. axb3 Bd7 13. Qd2 1/2-1/2

[Event "Kurz-Open"]
[Site "Buchen"]
[Date "2017.09.10"]
[Round "5.8"]
[White "Zilberman, Polina"]
[Black "Kail, Sindy"]
[Result "1-0"]
[WhiteElo "2149"]
[BlackElo "1883"]
[PlyCount "51"]
[EventDate "2017.??.??"]

1. d4 d5 2. Nf3 Nf6 3. Bf4 Nbd7 4. h3 e6 5. e3 Ne4 6. Nbd2 Bd6 7. Bxd6 Nxd6 8.
Bd3 f6 9. c4 dxc4 10. Nxc4 Nxc4 11. Bxc4 Qe7 12. O-O O-O 13. Rc1 Rd8 14. Qc2 c6
15. Rfe1 Kh8 16. Bd3 g6 17. Nh4 f5 18. Nf3 e5 19. e4 f4 20. Qc3 exd4 21. Qxd4+
Nf6 22. Qc3 Kg8 23. Bc4+ Be6 24. Ng5 Bxc4 25. Qxc4+ Nd5 26. Nf3 1-0

[Event "Kurz-Open"]
[Site "Buchen"]
[Date "2017.09.10"]
[Round "5.9"]
[White "Link, Klaus"]
[Black "Herwig, Carsten"]
[Result "1/2-1/2"]
[WhiteElo "1998"]
[BlackElo "1841"]
[PlyCount "62"]
[EventDate "2017.??.??"]

1. e4 c5 2. c3 d5 3. exd5 Qxd5 4. d4 Nc6 5. Nf3 Bg4 6. Be2 Nf6 7. O-O e6 8. Na3
cxd4 9. Nb5 Rc8 10. Nbxd4 Bc5 11. Nxc6 Qxc6 12. Ne5 Bxe2 13. Qxe2 Qe4 14. Qb5+
Ke7 15. Nf3 a6 16. Qb3 Rhd8 17. Bg5 b5 18. Rfe1 Qd5 19. Rad1 Qxb3 20. axb3 h6
21. Rxd8 Rxd8 22. Be3 Bxe3 23. Rxe3 Rd1+ 24. Re1 Rxe1+ 25. Nxe1 Ne4 26. f3 Nc5
27. b4 Nd7 28. Kf2 Kd6 29. Ke3 Kd5 30. b3 f5 31. Nd3 g5 1/2-1/2

[Event "Kurz-Open"]
[Site "Buchen"]
[Date "2017.09.10"]
[Round "5.10"]
[White "Schnell, Franz"]
[Black "Herbold, Manfred"]
[Result "0-1"]
[WhiteElo "1776"]
[BlackElo "2170"]
[Annotator "RS"]
[PlyCount "118"]
[EventDate "2017.??.??"]

1. d4 Nf6 2. Nf3 e6 3. Bf4 c5 4. e3 b6 5. c3 Bb7 6. Bd3 Be7 7. h3 d6 8. Na3 a6
9. O-O O-O 10. Re1 {Remisangebot.} Ne4 11. Nc4 b5 12. Ncd2 f5 13. Qc2 d5 14.
Ne5 Nd7 15. Ndf3 Rc8 16. Nxd7 Qxd7 17. Ne5 Qe8 18. f3 Nd6 19. Qe2 c4 20. Bc2 a5
21. Rec1 b4 22. cxb4 axb4 23. Qd1 Ra8 24. Qd2 Nf7 25. Re1 g5 26. Bg3 Nxe5 27.
Bxe5 Qh5 28. Qf2 Ra6 29. Bd1 b3 30. f4 Qg6 31. a3 Bb4 32. Rf1 Ba5 33. g4 h6 34.
Kh2 Rc6 35. Rg1 fxg4 36. Rxg4 c3 37. Bxb3 cxb2 38. Qxb2 Rfc8 39. Rg2 Ba6 40.
Rag1 Bd3 41. fxg5 h5 42. Qf2 Rf8 43. Bf6 Bc7+ 44. Kh1 Be4 45. Bd1 e5 46. Qh4
exd4 47. Bxh5 Bxg2+ 48. Rxg2 Rc1+ 49. Rg1 Rxg1+ 50. Kxg1 Qb1+ 51. Kg2 Qc2+ 52.
Kf3 Qd1+ 53. Kf2 Qd2+ 54. Kf1 Qc1+ 55. Kg2 Qc2+ 56. Kf3 dxe3 57. Bg4 Qe4+ 58.
Ke2 Qg2+ 59. Kd3 Qd2# 0-1

[Event "Kurz-Open"]
[Site "Buchen"]
[Date "2017.09.10"]
[Round "5.11"]
[White "Erhardt, Kristian"]
[Black "Wambach, Juergen"]
[Result "0-1"]
[WhiteElo "1647"]
[BlackElo "1948"]
[Annotator "RS"]
[PlyCount "52"]
[EventDate "2017.??.??"]

1. e4 c5 2. c4 Nc6 3. g3 g6 4. Bg2 Bg7 5. Nc3 d6 6. d3 e6 7. a3 Nge7 8. Nge2 b6
9. O-O Bb7 10. Rb1 O-O 11. b4 Qd7 12. f4 f5 13. Qc2 Nd4 14. Nxd4 cxd4 15. Ne2
e5 16. Bb2 Rac8 17. Qb3 Kh8 18. Rfc1 Rc7 19. Rc2 Qc8 20. Rbc1 Qa8 21. c5 {
Remisangebot.} fxe4 22. c6 Rxc6 23. dxe4 Rxc2 24. Qxc2 Nf5 25. exf5 Bxg2 26.
Nxd4 Be4 0-1

[Event "Kurz-Open"]
[Site "Buchen"]
[Date "2017.09.10"]
[Round "5.12"]
[White "Blank, Stefan"]
[Black "Nettelbeck, Jann"]
[Result "0-1"]
[WhiteElo "1882"]
[BlackElo "1815"]
[Annotator "RS"]
[PlyCount "80"]
[EventDate "2017.??.??"]

1. e4 c5 2. Nf3 Nf6 3. d3 d5 4. e5 Nfd7 5. Qe2 Nc6 6. g3 g6 7. c3 Bg7 8. Bf4
Nf8 9. Nbd2 Ne6 10. h4 Nxf4 11. gxf4 Bg4 12. Bh3 Qd7 13. Ng5 Bxe2 14. Bxd7+
Kxd7 15. Kxe2 h6 16. Nh3 e6 {Remisangebot.} 17. Rhg1 Ne7 18. h5 g5 19. Nf3 f6
20. exf6 Bxf6 21. fxg5 hxg5 22. Nhxg5 Rxh5 23. d4 cxd4 24. cxd4 Nf5 25. Kd3
Nxd4 26. Nxd4 Rxg5 27. Rxg5 Bxg5 28. Rh1 Re8 29. Rh5 Bf6 30. f4 Rh8 31. Rxh8
Bxh8 32. b4 Bxd4 33. Kxd4 Kd6 34. a4 b6 35. b5 e5+ 36. fxe5+ Ke6 37. Kd3 Kxe5
38. Ke3 d4+ 39. Kd3 Kd5 40. Kd2 Kc4 0-1

[Event "Kurz-Open"]
[Site "Buchen"]
[Date "2017.09.10"]
[Round "5.13"]
[White "Pepi, Lucas"]
[Black "Schumacher, Ralph"]
[Result "0-1"]
[WhiteElo "1874"]
[BlackElo "1739"]
[PlyCount "90"]
[EventDate "2017.??.??"]

1. e4 b6 2. d4 Bb7 3. Bd3 e6 4. Nf3 h6 5. O-O Ne7 6. c4 d6 7. Re1 Nd7 8. b3 g6
9. Bb2 Bg7 10. Nc3 a6 11. e5 Bxf3 12. Qxf3 dxe5 13. Be4 Rb8 14. d5 exd5 15.
Bxd5 O-O 16. Rad1 Nf5 17. Qg4 Qg5 18. Qxg5 hxg5 19. Bc6 Nc5 20. Ba3 Rfd8 21.
Bxc5 bxc5 22. Ne4 Ne7 23. Ba4 Rd4 24. Nxc5 Rbd8 25. Rxd4 Rxd4 26. Nxa6 c6 27.
Nb4 c5 28. Na6 f5 29. Nxc5 e4 30. Ne6 Rd2 31. Nxg7 Kxg7 32. f3 exf3 33. gxf3
Kf6 34. Ra1 f4 35. b4 Nf5 36. Bb3 Ne3 37. b5 Rg2+ 38. Kh1 Rf2 39. b6 g4 40.
fxg4 Nxg4 41. b7 Rxh2+ 42. Kg1 f3 43. b8=Q Rg2+ 44. Kf1 Ne3+ 45. Ke1 Re2# 0-1

[Event "Kurz-Open"]
[Site "Buchen"]
[Date "2017.09.10"]
[Round "5.14"]
[White "Dosch, Steffen"]
[Black "Lorch, Stephan"]
[Result "1-0"]
[WhiteElo "1824"]
[BlackElo "1327"]
[PlyCount "79"]
[EventDate "2017.??.??"]

1. d4 d5 2. Nf3 Nf6 3. c4 c6 4. e3 e6 5. Bd3 Be7 6. O-O O-O 7. Nc3 Nbd7 8. b3
Re8 9. Bb2 Nf8 10. Ne5 c5 11. cxd5 exd5 12. Bb5 Bd7 13. Nxd7 N8xd7 14. dxc5 Rf8
15. c6 bxc6 16. Bxc6 Rc8 17. Bxd5 Nb6 18. Bf3 Nbd7 19. Ne4 Ne8 20. Qd4 Nef6 21.
Qxa7 Nxe4 22. Bxe4 Bc5 23. Qa6 Qe7 24. Bf5 Nb8 25. Qe2 Rc6 26. Rac1 g6 27. Bb1
Qh4 28. Rc4 Qe7 29. Rfc1 Rd8 30. Qf3 f6 31. g3 Rd2 32. Bc3 Rdd6 33. Be4 Rc8 34.
b4 Qe6 35. Rxc5 Rcd8 36. a4 f5 37. Bc2 Nd7 38. Rc7 Ne5 39. Qb7 R6d7 40. Bxe5
1-0

[Event "Kurz-Open"]
[Site "Buchen"]
[Date "2017.09.10"]
[Round "5.15"]
[White "Kail, Oliver"]
[Black "Englert, Fred"]
[Result "0-1"]
[WhiteElo "1445"]
[BlackElo "1786"]
[PlyCount "56"]
[EventDate "2017.??.??"]

1. e4 c6 2. Nf3 d5 3. exd5 cxd5 4. d4 g6 5. b3 Bg7 6. Bb2 Nf6 7. c4 O-O 8. Nc3
Nc6 9. g3 Bg4 10. Bg2 dxc4 11. bxc4 Bxf3 12. Bxf3 Nxd4 13. O-O Nxf3+ 14. Qxf3
Qc7 15. Nd5 Nxd5 16. Bxg7 Kxg7 17. Qxd5 Rfd8 18. Qe4 Rac8 19. Rfe1 e6 20. Qe5+
Qxe5 21. Rxe5 Rxc4 22. Rb1 b6 23. Rb3 Rd2 24. Ra3 a5 25. Rb5 Rc1+ 26. Kg2 Rcc2
27. Rxb6 Rxf2+ 28. Kh1 Rf1# 0-1

[Event "Kurz-Open"]
[Site "Buchen"]
[Date "2017.09.10"]
[Round "5.16"]
[White "Kail, Thomas"]
[Black "Roegner, Lars"]
[Result "0-1"]
[WhiteElo "1648"]
[BlackElo "1152"]
[Annotator "RS"]
[PlyCount "92"]
[EventDate "2017.??.??"]

1. e4 e5 2. Nf3 Nc6 3. d4 exd4 4. Nxd4 Nxd4 5. Qxd4 b6 6. Bd3 f6 7. b4 c5 8.
Qd5 Rb8 9. Bc4 Qe7 10. Qh5+ g6 11. Qe2 Bg7 12. Bxg8 Rxg8 13. b5 Bb7 14. f3 f5
15. c3 fxe4 16. Bf4 Rd8 17. O-O Rf8 18. fxe4 Qxe4 19. Qxe4+ Bxe4 20. Nd2 Bd3
21. Rae1+ Kf7 22. Rf3 Bf5 23. Nc4 Kg8 24. Nd6 Be6 25. c4 Rf6 26. Be5 Rxf3 27.
gxf3 Bxe5 28. Rxe5 Rf8 29. Kg2 Kg7 30. Kg3 Kf6 31. f4 {Remisangebot.} Ke7 32.
Ne4 Rf5 33. Nd2 Rxe5 34. fxe5 d6 35. Kf4 d5 36. cxd5 Bxd5 37. a3 h6 38. h4 Ke6
39. Nf1 g5+ 40. hxg5 hxg5+ 41. Kxg5 Kxe5 42. Nd2 Kd4 43. Kf4 Bc4 44. a4 Kc3 45.
Nb1+ Kb2 46. Nd2 Bb3 0-1

[Event "Kurz-Open"]
[Site "Buchen"]
[Date "2017.09.10"]
[Round "5.17"]
[White "Ensslinger, Colin"]
[Black "Damrich, Alina"]
[Result "1/2-1/2"]
[WhiteElo "1493"]
[BlackElo "1748"]
[Annotator "RS"]
[PlyCount "85"]
[EventDate "2017.??.??"]

1. e4 e5 2. Nf3 Nc6 3. Bc4 Be7 4. d4 exd4 5. Nxd4 d6 6. Be3 Nf6 7. Nxc6 bxc6 8.
Nc3 Bb7 9. O-O d5 10. exd5 cxd5 11. Bb3 O-O 12. Re1 c6 13. Qd2 Qc7 14. Re2 Ba6
15. Bf4 Bd6 16. Bxd6 Qxd6 17. Ne4 Nxe4 18. Rxe4 Qf6 19. Rd4 Rfe8 20. Qf4 Qe6
21. h3 Re7 22. Qg4 Qxg4 23. Rxg4 Rae8 24. Ba4 Bb7 25. Kh2 Re4 26. Rxe4 Rxe4 27.
Bb3 Re2 28. Kg3 g6 29. Kf3 Re5 30. Rd1 {Remisangebot.} c5 31. Kg3 Bc6 32. c3 c4
33. Bc2 Re2 34. Rc1 Re5 35. f3 Re2 36. b4 a6 37. a4 Re3 38. Bd1 Re1 39. Kf2 Rh1
40. Ra1 Bxa4 41. Rxa4 Rxd1 42. Rxa6 {Remisangebot.} Rd2+ 43. Kg3 1/2-1/2

[Event "Kurz-Open"]
[Site "Buchen"]
[Date "2017.09.10"]
[Round "5.18"]
[White "Damrich, Peter"]
[Black "Seeger, Alexandra"]
[Result "1/2-1/2"]
[WhiteElo "986"]
[BlackElo "1615"]
[PlyCount "47"]
[EventDate "2017.??.??"]

1. e4 e6 2. d3 d5 3. Nd2 Nf6 4. g3 Be7 5. Bg2 O-O 6. Ngf3 c5 7. O-O Nc6 8. e5
Nd7 9. b3 Ndxe5 10. Nxe5 Nxe5 11. f4 Nc6 12. Bb2 Bf6 13. Bxf6 Qxf6 14. Nf3 b6
15. c4 Rd8 16. cxd5 exd5 17. Qe2 Nd4 18. Nxd4 Qxd4+ 19. Kh1 Bf5 20. Rad1 Re8
21. Qf3 Rad8 22. g4 Re3 23. Qf2 Bxg4 24. Qh4 1/2-1/2

[Event "Kurz-Open"]
[Site "Buchen"]
[Date "2017.09.10"]
[Round "5.19"]
[White "Kolb, Klaus"]
[Black "Trunk, Mika"]
[Result "0-1"]
[WhiteElo "1154"]
[BlackElo "1572"]
[PlyCount "74"]
[EventDate "2017.??.??"]

1. e4 e5 2. Nf3 Nc6 3. Bc4 Bc5 4. d3 Nf6 5. Bg5 d6 6. Nbd2 h6 7. Bh4 O-O 8. O-O
Be6 9. Bb5 a6 10. Ba4 Bg4 11. Bb3 Nd4 12. c3 Ne6 13. Qc2 Nf4 14. Rfe1 Ng6 15.
Bg3 Nh5 16. d4 exd4 17. cxd4 Bb4 18. Rec1 c6 19. h3 Nxg3 20. fxg3 Bd7 21. Nc4
b5 22. Ne3 Rc8 23. Qf2 c5 24. Bd5 Qb6 25. Rc2 cxd4 26. Rxc8 Bxc8 27. Nc2 a5 28.
a3 Bc5 29. Ncxd4 Ne5 30. Rd1 Nxf3+ 31. gxf3 Bxh3 32. g4 h5 33. gxh5 Be6 34. Kh2
Bxd5 35. exd5 Re8 36. Qd2 Bxd4 37. Qxd4 Qxd4 0-1

[Event "Kurz-Open"]
[Site "Buchen"]
[Date "2017.09.10"]
[Round "5.20"]
[White "Simon, Manuel"]
[Black "Erhardt, Daniel"]
[Result "1-0"]
[WhiteElo "1582"]
[BlackElo "990"]
[PlyCount "47"]
[EventDate "2017.??.??"]

1. e4 e5 2. Nf3 Nc6 3. d4 exd4 4. Nxd4 Nf6 5. Nxc6 bxc6 6. e5 Ne4 7. Qf3 d5 8.
exd6 Nxd6 9. Qxc6+ Bd7 10. Qf3 g6 11. Nc3 Rb8 12. b3 Bg7 13. Bb2 Bb5 14. Rb1
Bxf1 15. Kxf1 Nb5 16. Qc6+ Qd7 17. Re1+ Kd8 18. Rd1 Nd6 19. Qf3 Kc8 20. g4 c6
21. Kg2 Kc7 22. Ba3 c5 23. Bxc5 Bf8 24. Ne4 1-0

[Event "Kurz-Open"]
[Site "Buchen"]
[Date "2017.09.10"]
[Round "5.21"]
[White "Elancev, Kai"]
[Black "Doerr, Matthias"]
[Result "0-1"]
[WhiteElo "1112"]
[BlackElo "1396"]
[Annotator "RS"]
[PlyCount "122"]
[EventDate "2017.??.??"]

1. d4 d5 2. c4 Nf6 3. Nf3 Nc6 4. g3 g6 5. Bg2 dxc4 6. Qc2 Nxd4 7. Qxc4 Nxf3+ 8.
Bxf3 Be6 9. Qc2 Bd5 10. e4 Bc6 11. O-O Bg7 12. Re1 O-O 13. Nd2 e6 14. e5 Bxf3
15. Nxf3 Nd5 16. Rd1 Qe7 17. a3 Rad8 18. b4 Rd7 19. Bb2 Rfd8 20. Kf1 Rf8 21.
Rd3 f6 22. Rad1 h6 23. Ke2 g5 24. R3d2 Qf7 25. Kf1 g4 26. Nh4 fxe5 27. Qe4 Rfd8
28. Ke1 c6 29. Ng6 Nf6 30. Qc2 Rxd2 31. Rxd2 Rxd2 32. Kxd2 Nd5 33. Ke1 Qf5 34.
Qxf5 exf5 35. Nxe5 Bxe5 36. Bxe5 Kf7 37. Kd2 Ke6 38. Bd4 a6 39. Kd3 b5 40. Bb2
h5 41. Kd4 Kd6 42. Kd3 c5 43. Bc3 {Remisangebot.} c4+ 44. Kd2 Nxc3 45. Kxc3 Ke5
46. Kd2 Ke4 47. Ke2 f4 48. Ke1 fxg3 49. hxg3 Kf3 50. Kf1 c3 51. Ke1 c2 52. Kd2
Kxf2 53. Kxc2 Kxg3 54. Kb3 h4 55. a4 h3 56. axb5 axb5 57. Kc3 h2 58. Kd4 h1=Q
59. Kc5 Qf1 60. Kb6 Qc4 61. Ka5 Kf4 {Hier spielt Weiß den irregulären Zug 62.
Ka4 (beide Notationen stimmen überein). Weitere Erfassung daher nicht möglich.}
0-1